000 00565nam a22001937a 4500
008 150930b xxu||||| |||| 00| 0 eng d
020 _a0877092478
041 0 _aeng
080 _a005
100 1 _aGibson, Michael L.
245 1 0 _aSystems analysis and design :
_cMichael L. Gibson, Cary T. Hughes.
260 _aDanvers, Mass. :
_bBoyd & Fraser,
_c1994.
300 _axxiii, 808 f. :
_bme il.;
_c24 cm.
650 0 _aAnaliza
650 0 _aSistemi
650 0 _aDizajni
700 1 _aHughes, Cary T.
942 _2udc
_cBK
999 _c1198
_d1198